| 000 | 00000nam##2200000za#4500 |
| 001 | 9.605235 |
| 003 | CaOODSP |
| 005 | 20240206145613 |
| 007 | cr ||||||||||| |
| 008 | 150406|2007||||xxc|||||o f|0| 0 fre|d |
| 040 | |aCaOODSP|bfre |
| 043 | |an-cn--- |
| 086 | 1 |aTU3-6/07-109F-PDF |
| 110 | 2 |aBureau de la sécurité des transports du Canada. |
| 245 | 10|aDéraillement sur une voie non principale - Kootenay Valley Railway (KVR) Manoeuvre 0700 Trail, Point milliaire 19,0 de la subdivision Rossland Trail (Colombie-Britannique), le 23 avril 2007 |h[ressource électronique] |
| 260 | |aOttawa - Ontario : |bBureau de la sécurité des transports du Canada |c[2007]. |
| 300 | |a21p.|bill. en couleur, figures |
| 490 | 1 |aRapport d'enquête sur un accident ferroviaire |vR07V0109 |
| 590 | |a13-08-Supp|b2013-04-02 |
| 775 | 08|tNon-main-track train derailment - Kootenay Valley Railway (KVR) 0700 Trail Yard Assignment, Mile 19.0, Rossland Subdivision Trail, British Columbia, 23 April 2007 |w(CaOODSP)9.575822 |
| 830 | #0|aRapport d'enquête sur un accident ferroviaire ;|vR07V0109|w(CaOODSP)9.501252 |
| 856 | 40|ahttp://publications.gc.ca|qPDF|s792 Ko|uhttps://publications.gc.ca/collections/collection_2013/bst-tsb/TU3-6-07-109-fra.pdf|yR07V0109 |